A lelkiség metafizikai jelentőségéről
Elmentve itt :
| Szerző: | |
|---|---|
| Adatforrás: | Philobibl |
| Forrásdokumentuma: | Mikes International 5.2005:3. p.72-75. |
| Dokumentumtípus: | Cikk |
| Nyelv: | magyar |
| LEADER | 00304nab a2200097 c 4500 | ||
|---|---|---|---|
| 001 | bibPHI0039808 | ||
| 005 | 20200924124227.1 | ||
| 008 | 101015s2005 hu hun | ||
| 100 | 1 | |a Brandenstein Béla | |
| 245 | 1 | 2 | |a A lelkiség metafizikai jelentőségéről |c Brandenstein Béla |
| 773 | 0 | |t Mikes International |g 5.2005:3. p.72-75. | |